000 00492nam a2200181Ia 4500
003 OSt
005 20260102152138.0
008 210210b1950 xxu||||| |||| 00| 0 eng d
040 _cAL
041 _akan
082 _a859/1832
100 _aSHANKARANARAYANA BHATTA (M)
_9156588
_dಶಂಕರನಾರಾಯಣ ಭಟ್ಟ (ಎಂ)
245 _aPashupatha:
_bಪಶುಪಥ
260 _aMangaluru
_b-
_c1950
690 _aKannada Fiction
_9156590
906 _a022550
942 _2ddc
_cBK
999 _c146962
_d146962